000 00716nam a22002777a 4500
001 BR0001824
003 BR-BrBNA
005 20230928100545.0
007 ta
008 230509b bl.||||| |||| 00| 0 por d
040 _aBR-BrBNA
_bpor
_cBiblioteca Nacional de Agricultura
041 _a(Por)
072 _aE50
_b2790
090 _ 2790 BR0001824
100 1 _aDelorme, R.J.
100 1 _aMiolla, H.
245 1 _aPronto socorro do sertao; a cura pelas plantas
250 1 _a3. ed.
260 3 _aPorto Alegre, RS (Brasil):
_c1981.
300 _a120 p.
500 _a10 ref.; 26 illus.
650 _aPlanta Medicinal
650 _aSaude Publica
909 _a202309
_bLucia
_c55
_dLucia Elande
942 _cBK
999 _c61805
_d61805